| 000 | 00717cab a2200229 4500 | ||
|---|---|---|---|
| 001 | WB3509-05 | ||
| 008 | 090401t1999 xxu||||| |||| 00| 0 eng d | ||
| 035 | _a(Sirsi) u91806 | ||
| 041 | _aeng | ||
| 245 | _aConstruction client profile | ||
| 260 | _c1999 | ||
| 350 | _a0 | ||
| 490 |
_aDETR News Release _v(190) 1 March 1999 (1) |
||
| 520 | _aThe Government is seeking to bring their construction procurement methods up to the standards recommended in the Construction Task Force report "Rethinking Construction". | ||
| 650 | _aCONSTRUCTION INDUSTRY | ||
| 650 | _aCONSTRUCTION TASK FORCE | ||
| 650 | _aDETR | ||
| 650 | _aEGAN REFORMS | ||
| 690 | _aBUILT ENVIRONMENT | ||
| 942 | _n0 | ||
| 948 | _c05/03/1999 | ||
| 999 |
_c58258 _d58258 |
||